00573nam a2200181Ia 450000500170000000800410001702000180005804100120007608200200008810000230010824500910013126000470022230000210026965000280029065000250031865000210034370000270036420260429112030.0260429s9999||||xx |||||||||||||| ||und|| a9783031609695 aEnglish a001.422019bHUT aHutcheson, Adam T. 0aStatistics for psychology research : ba short guide using excel / cAdam T. Hutcheson aSwitzerland : bPalgrave Macmillan,c2024. axxv, 245 p.; pbk a Psychological research a Statistical methods aResearch methods a Brown, Kristina Groce